Němčina pro 2. ročník středních ekonomických škol /

Hlavní autor: Jungwirth, Karel, 1913-1978
Další autoři: Valta, Zdeněk, Krausová, Jarmila
Jazyk: Němčina
Čeština
Vydáno: Praha : Státní pedagogické nakladatelství, 1963
Vydání: 1. vyd.
Témata:
Fyzický popis: 182 s.
Knihy
Uloženo v:
LEADER 01008nam a22002652a 4500
001 000047745
003 CZ BrMZK
005 20140228110151.0
007 ta
008 951201s1963 xr f cze d
015 |a cnb000477102 
040 |a BOA001  |b cze 
041 0 |a cze  |a ger 
100 1 |a Jungwirth, Karel,  |d 1913-1978  |7 jk01052194  |4 aut 
245 1 0 |a Němčina pro 2. ročník středních ekonomických škol /  |c zpracovali Karel Jungwirth, Jarmila Krausová, Zdeněk Valta 
250 |a 1. vyd. 
260 |a Praha :  |b Státní pedagogické nakladatelství,  |c 1963 
300 |a 182 s. 
700 1 |a Valta, Zdeněk  |7 jx20051104038  |4 aut 
700 1 |a Krausová, Jarmila  |7 jx20041116013  |4 aut 
910 |a BOA001  |b PK-0035.443  |b 2-0509.300 
964 |a Němčina - učebnice - školy ekonomické střední 
990 |a BK 
996 6 |b 2619048396  |c 2-0509.300  |l HP2  |r DEN  |n 0  |w 000047745  |u 000020  |a 1  |e BOA001  |j MZK50  |s P 
996 7 |b 3119981853  |c PK-0035.443  |l MZK  |r Sklad / do 1 hodiny  |n 0  |w 000047745  |u 000010  |a 1  |e BOA001  |j MZK50  |s A